| 000 | 00570nam a2200217Ia 4500 | ||
|---|---|---|---|
| 003 | OSt | ||
| 005 | 20230517154123.0 | ||
| 008 | 210423s2013 xx 000 0 und d | ||
| 020 | _a9789350562826 | ||
| 040 | _cAL | ||
| 041 | _aeng | ||
| 082 |
_a641.4 SHRP _223 |
||
| 100 |
_aSHRIVASTAVA (Pradeep). _9107127 |
||
| 245 | _aMethods of food preservation. | ||
| 260 |
_aNew Delhi _bDiscovery Publishing House _c2013 |
||
| 300 |
_a259 _bPB |
||
| 365 |
_b850 _cINR |
||
| 650 |
_aFood Preservation _9107128 |
||
| 906 | _afood ; Methods ; preservation. | ||
| 942 |
_2ddc _cBK |
||
| 999 |
_c164927 _d164927 |
||